000 00570nam a2200181Ia 4500
003 IN-BaIIA
008 211028s9999 xx 000 0 eng d
020 _a0-521-81827-3
040 _cIIA Library
080 _a524
_bDEL
100 _adel Toro Iniesta, J. C.
_928437
245 0 _aIntroduction to spectropolarimetry
_cJ. C. del Toro Iniesta
260 _aCambridge
_bCambridge University Press
_c2003
300 _axvi, 227p.
650 _aAstrophysical spectropolarimetry
_927446
650 _aSpectropolarimetry
942 _cBK
999 _c15389
_d15389